| 000 | 00579nam a2200205 i 4500 | ||
|---|---|---|---|
| 001 | 83544 | ||
| 003 | ES-MaACL | ||
| 005 | 20250815004209.0 | ||
| 007 | t| | ||
| 008 | 041117s1918 fr |||| | fre d | ||
| 100 | 1 |
_aIsaac, Jules. _965511 |
|
| 245 | 1 | 0 |
_a1789-1912 _b: petite histoire contemporaine / _cJ. Isaac. |
| 250 | _a3ª ed. | ||
| 260 |
_aParis : _bRenonard, _c1918. |
||
| 300 |
_a231 p. ; _c17 cm. |
||
| 650 | 0 | 7 |
_aHistoria moderna _2embne _913420 |
| 650 | 7 |
_aHistoria contemporánea _2embne _913393 |
|
| 852 |
_aES-MaACL _jF-3027 |
||
| 999 |
_c83544 _d83544 |
||